000 00927nam a2200325 a 4500
003 AR-BaBNM
005 20251128205342.0
008 082120s2002 ||||||||||||||000 | spa||
020 _a84-207-3143-9
040 _cAR-BaBNM
100 1 _aForero Benavides, Abelardo
245 0 0 _aFrancisco de Paula Santander
_bel hombre de las leyes
260 _aMadrid
_bAnaya
_c1988
300 _a127 p.
_bil., láms.
490 0 _aBiblioteca iberoamericana
_vv. 69
504 _aBibliografía para consultar p. 126.
600 1 4 _aBolívar, Simón
650 4 _aBIOGRAFIAS
650 4 _aPERIODO HISPANICO
650 4 _aMOVIMIENTOS EMANCIPADORES LATINOAMERICANOS
650 4 _aHISTORIA POLITICA
650 4 _aHISTORIA SOCIAL
650 4 _aREVOLUCION
650 4 _aMOVIMIENTOS REVOLUCIONARIOS
650 4 _aREVOLUCION
655 _aBIOGRAFIAS
800 1 _aRoche, Antonio
_edirector
942 _cBK
998 _cmariana
999 _c11048
_d11048